000 00681nam a2200229 4500
003 OSt
005 20240620015656.0
006 a
008 240620b |||||||| |||| 00| 0 eng d
020 _a9780753717288
040 _aDWCL-HMN lib.
_cOC
082 _aCirc. 641.86 M469h 2008
100 _aMayhew, Maggie
245 _aHomemade desserts : over 170 pies, cake & other tempting treats /
260 _aLondon :
_bOctopus Publishing Group Ltd. ,
_cc2008.
300 _b256 p. col. : ill. ;
_c22 cm.
504 _aIncludes index.
650 _a1. Desserts.
650 _a2. Quick and easy cooking.
650 _a3. Cooking , American.
942 _2ddc
_n0
_cBK-CIRC
_kCirc.
999 _c947
_d947